The Gothic stained glass of Reims Cathedral
"Examines the stained-glass windows in the Gothic cathedral of Reims within the context of the evolution of the French monarchy and medieval art"--Provided by publisher
| Main Author: | |
|---|---|
| Format: | Print Book |
| Language: | English |
| Subito Delivery Service: | Order now. |
| Check availability: | HBZ Gateway |
| WorldCat: | WorldCat |
| Interlibrary Loan: | Interlibrary Loan for the Fachinformationsdienste (Specialized Information Services in Germany) |
| Published: |
University Park, Pa.
The Pennsylvania State University Press
2011
|
| In: | Year: 2011 |
| Reviews: | [Rezension von: Lillich, Meredith Parsons, The Gothic Stained Glass of Reims Cathedral] (2013) (Dziedzic, Andrzej)
|
| Standardized Subjects / Keyword chains: | B
Cathedral (Reims)
/ Glass painting
|
| Further subjects: | B
Stained glass windows (France) (Reims)
B Glass painting and staining, Gothic (France) (Reims) B Notre-Dame de Reims (Cathedral) |
| Online Access: |
Table of Contents |
MARC
| LEADER | 00000cam a2200000 c 4500 | ||
|---|---|---|---|
| 001 | 677752857 | ||
| 003 | DE-627 | ||
| 005 | 20251223230632.0 | ||
| 007 | tu | ||
| 008 | 111205s2011 xxu||||| 00| ||eng c | ||
| 010 | |a 2010048476 | ||
| 020 | |a 0271037776 |c cloth : alk. paper |9 0-271-03777-6 | ||
| 020 | |a 9780271037776 |c : cloth : alk. paper |9 978-0-271-03777-6 | ||
| 024 | 3 | |a 9780271037776 | |
| 035 | |a (DE-627)677752857 | ||
| 035 | |a (DE-576)354181092 | ||
| 035 | |a (DE-599)GBV677752857 | ||
| 035 | |a (OCoLC)772638167 | ||
| 035 | |a (OCoLC)772638167 | ||
| 040 | |a DE-627 |b ger |c DE-627 |e rakwb | ||
| 041 | |a eng | ||
| 044 | |c XD-US | ||
| 050 | 0 | |a NK5349.R3 | |
| 082 | 0 | |a 748.50944/322 |q LOC |2 22 | |
| 084 | |a 9,10 |a 1 |2 ssgn | ||
| 084 | |a LM 57880 |q BVB |2 rvk |0 (DE-625)rvk/101210: | ||
| 084 | |a 21.12 |2 bkl | ||
| 084 | |a 21.70 |2 bkl | ||
| 090 | |a a | ||
| 100 | 1 | |0 (DE-588)123172187 |0 (DE-627)180663526 |0 (DE-576)168077752 |4 aut |a Lillich, Meredith Parsons |d 1932- | |
| 109 | |a Lillich, Meredith Parsons 1932- |a Lillich, Meredith P. 1932- |a Parsons Lillich, Meredith 1932- | ||
| 245 | 1 | 4 | |a The Gothic stained glass of Reims Cathedral |c Meredith Parsons Lillich |
| 264 | 1 | |a University Park, Pa. |b The Pennsylvania State University Press |c 2011 | |
| 300 | |a XXIII, 340 S |b zahlr. Ill., graph. Darst |c 28 cm | ||
| 336 | |a Text |b txt |2 rdacontent | ||
| 337 | |a ohne Hilfsmittel zu benutzen |b n |2 rdamedia | ||
| 338 | |a Band |b nc |2 rdacarrier | ||
| 500 | |a Literaturverz. S. [327] - 330 und Index | ||
| 520 | |a "Examines the stained-glass windows in the Gothic cathedral of Reims within the context of the evolution of the French monarchy and medieval art"--Provided by publisher | ||
| 583 | 1 | |a Archivierung/Langzeitarchivierung gewährleistet |f SLG |x XA-DE-BW |z Glas |2 pdager |5 DE-24 | |
| 583 | 1 | |a Archivierung/Langzeitarchivierung gewährleistet |f SSG |x XA-DE-BW |2 pdager |5 DE-16 | |
| 601 | |a Cathedra | ||
| 610 | 1 | 0 | |a Notre-Dame de Reims (Cathedral) |
| 650 | 0 | |a Glass painting and staining, Gothic |z France |z Reims | |
| 650 | 0 | |a Stained glass windows |z France |z Reims | |
| 689 | 0 | 0 | |d g |0 (DE-588)4193375-8 |0 (DE-627)105227536 |0 (DE-576)210087005 |2 gnd |a Kathedrale Reims |g Reims |
| 689 | 0 | 1 | |d s |0 (DE-588)4021177-0 |0 (DE-627)106315099 |0 (DE-576)208936653 |2 gnd |a Glasmalerei |
| 689 | 0 | |5 (DE-627) | |
| 787 | 0 | 8 | |i Rezensiert in |a Dziedzic, Andrzej |t [Rezension von: Lillich, Meredith Parsons, The Gothic Stained Glass of Reims Cathedral] |d 2013 |w (DE-627)1802429239 |
| 856 | 4 | 2 | |u https://swbplus.bsz-bw.de/bsz354181092inh.htm |m B:DE-576;DE-16 |q application/pdf |v 20120111104222 |x Verlag |3 Inhaltsverzeichnis |7 1 |
| 935 | |i sf | ||
| 935 | |i Blocktest | ||
| 936 | r | v | |a LM 57880 |b Reims |k Kunstgeschichte |k Kunst nach Ländern bzw. Kontinenten |k Frankreich |k Kunsttopografie Frankreichs |k Alphabetische Liste der französischen Orte |k Orte R |k Reims |0 (DE-627)1270945173 |0 (DE-625)rvk/101210: |0 (DE-576)200945173 |
| 936 | b | k | |a 21.12 |j Glasmalerei |0 (DE-627)106406671 |
| 936 | b | k | |a 21.70 |j Geschichte der Sakralbaukunst |0 (DE-627)106421255 |
| 951 | |a BO | ||
| ELC | |b 1 | ||
| ORI | |a SA-MARC-ixtheo_oa001.raw | ||
| REL | |a 1 | ||
| STA | 0 | 0 | |a Glass painting,Stained glass,Church window |
| STB | 0 | 0 | |a Art du vitrail,Peinture sur verre |
| STC | 0 | 0 | |a Pintura sobre vidrio |
| STD | 0 | 0 | |a Pittura su vetro |
| STE | 0 | 0 | |a 玻璃绘画艺术,花窗玻璃,玻璃画 |
| STF | 0 | 0 | |a 玻璃繪畫藝術,花窗玻璃,玻璃畫 |
| STG | 0 | 0 | |a Pintura sobre vidro |
| STH | 0 | 0 | |a Роспись по стеклу |
| STI | 0 | 0 | |a Βιτρώ,Υαλογράφημα |
| SUB | |a REL | ||
| SYG | 0 | 0 | |a Notre-Dame,Notre Dame , Glasfenstermalerei,Glasgemälde,Glasfenster |



